Conjunction Junction Quiz Stats

 Plays Quiz Updated Nov 18, 2012

Also try: Parts of Speech
Challenge
Share
Tweet
Embed
Score 0/7 Timer 01:00
2 Plays Today
Clue Conjunction % Correct
Aand
98.4%
Ffor
95.7%
Bbut
92.5%
Oor
88.9%
Sso
87.8%
Yyet
84.9%
Nnor
83.4%

You're not logged in!

Compare scores with friends on all Sporcle quizzes.
Join for Free
OR
Log In

You Might Also Like...

Show Comments

Extras

Top Quizzes Today


Score Distribution

Your Account Isn't Verified!

In order to create a playlist on Sporcle, you need to verify the email address you used during registration. Go to your Sporcle Settings to finish the process.

Report this User

Report this user for behavior that violates our Community Guidelines.

Details: